000 00330 a2200157 4500
001 71435
020 _a8532226833
040 _cAnchieta - Colégio São Paulo
100 _aBernardinho, Adriana
240 1 0 _aTifão
_lpor
245 1 0 _aTifão
300 _a16
362 0 _a1997
650 4 _aLiteratura infantil
942 _cBK
999 _c71435
_d71435